Geometry of Deep Learning

Uloženo v:
Podrobná bibliografie
Hlavní autor: Chul Ye
Médium: Kniha
Vydáno: Springer
Tagy: Přidat tag
Žádné tagy, Buďte první, kdo vytvoří štítek k tomuto záznamu!

MARC

LEADER 00000nam a2200000Ia 4500
005 20260513122051.0
020 |a 9789811660481 
100 |a Chul Ye 
365 |c € 
365 |b 28.00 
942 |c BK 
245 |a Geometry of Deep Learning 
260 |b Springer 
999 |c 56  |d 56 
952 |0 0  |1 0  |4 0  |7 0  |a UNSW  |b UNSW  |d 2026-05-06  |g 54.99  |i 16688  |l 0  |p 000111  |r 2026-05-13 12:20:51  |v 54.99  |w 2026-05-13  |y BK